Biblioteca

Óscar Romero : (Registro nro. 65939)

Detalles MARC
000 -LÍDER
Campo fijo de descripción fija 01665nam a2200325 i 4500
001 - NÚMERO DE CONTROL
Campo de control 768714001
003 - IDENTIFICADOR DEL NÚMERO DE CONTROL
Campo de control CO-MdFUSB
005 - FECHA Y HORA DE LA ULTIMA TRANSACCIÓN
control field 20210604125805.0
007 - CAMPO FIJO DE DESCRIPCIÓN FIJA--INFORMACIÓN GENERAL
Campo fijo de descripción fija ta
008 - ELEMENTOS DE LONGITUD FIJA -- INFORMACIÓN GENERAL
Campo fijo de descripción fija -- Información general 200601t2003 sp |||| |||| 00| 0 spa d
020 ## - NÚMERO INTERNACIONAL NORMALIZADO PARA LIBROS
Número Internacional Normalizado del libro 08428525587
040 ## - FUENTE DE CATALOGACIÓN
Agencia de catalogación original CO-MdFUSB
Idioma de catalogación spa
Agencia que realiza la transcripción CO-MdFUSB
Agencia que realiza la modificación CO-MdFUSBC
Convenciones de la descripción rda
041 ## - CÓDIGO DE IDIOMA
Código de idioma para texto/pista de sonido o título separado spa
082 ## - NÚMERO DE CLASIFICACIÓN DECIMAL DEWEY
Número de la edición del Dewey 23
Número de clasificación 972.84052
Clave de autor-Numero de item M871
100 ## - ASIENTO PRINCIPAL--NOMBRE PERSONAL
Nombre personal Morozzo della Rocca, Roberto,
Término relacionador autor
245 ## - TÍTULO
Título del Material Óscar Romero :
Parte restante del título - Subtitulo un obispo entre la guerra y revolución
Mención de responsabilidad, etc. / R Morozzo della Rocca
264 #1 - PRODUCCIÓN, PUBLICACIÓN, DISTRIBUCIÓN, MANUFACTURA, Y COPYRIGHT
Lugar de producción, publicación, distribución, manufactura España :
Nombre del productor, publicador, distribuidor San Pablo,
Fecha de producción, publicación, distribución, manufactura, o copyright [2003]
264 #4 - PRODUCCIÓN, PUBLICACIÓN, DISTRIBUCIÓN, MANUFACTURA, Y COPYRIGHT
Fecha de producción, publicación, distribución, manufactura, o copyright © 2003
300 ## - DESCRIPCIÓN FÍSICA
Extensión 354 páginas
Dimensiones ; 22 cm
336 ## - TIPO DE CONTENIDO
Fuente rdacontent
Término de tipo de contenido texto
Código de tipo de contenido txt
337 ## - TIPO DE MEDIO
Fuente rdamedia
Nombre del tipo de medio sin mediación
Código del tipo de medio n
338 ## - TIPO DE SOPORTE
Fuente rdacarrier
Nombre del tipo de soporte volumen
Código Tipo de soporte nc
490 ## - MENCIÓN DE SERIE
Mención de serie Semblanzas (Madrid)
520 ## - NOTA DE RESUMEN, ETC.
Nota de sumario, etc. Óscar Romero, arzobispo de la capital de El Salvador en la década de 1970, era famoso en el mundo entero. Los medios de comunicación internacionales amplificaban su voz y su actuación en favor de la justicia y de la paz; se llegó a hablar de su nombre como candidato al premio Nobel de la Paz. Pero en 1980 fue asesinado mientras celebraba la Eucaristía. Veinte años después de su muerte, su figura sigue siendo una referencia, gracias a la rica herencia de su testimonio. Esta obra rinde homenaje a monseñor Romero mostrándole, sin ceñirse a visiones parciales, en la complejidad de su carácter, ante la dificultad de los tiempos que le tocaron vivir, empeñado en su esfuerzo por ser, ante todo, fiel al Evangelio.
650 #0 - ASIENTO SECUNDARIO DE MATERIA - TERMINO TEMÁTICO
9 (RLIN) 153
Término temático o nombre geográfico como elemento de entrada Historia de la Iglesia
650 #0 - ASIENTO SECUNDARIO DE MATERIA - TERMINO TEMÁTICO
9 (RLIN) 1851
Término temático o nombre geográfico como elemento de entrada Justicia social
653 ## - TÉRMINO DE INDIZACIÓN - NO CONTROLADO
Término no controlado Salvado -- Historia
942 ## - TIPO DE MATERIAL (KOHA)
Tipo de Item KOHA Libros General
945 ## - INFORMACIÓN LOCAL DEL REGISTRO
Catalogador JTF-925
Existencias
Estado de Material Estado de Perdido Forma de Clasificación Estado de Dañado No para Préstamo Colección Biblioteca de Origen Biblioteca Permanente Fecha de Adquisición Forma de Adquisición Área Total de Préstamos Signatura Topográfica Código de Barras Última vez visto Ejemplar/Existencia Fecha de Remplazo Tipo de Material
    Dewey Decimal Classification     Colección General Biblioteca FUSBC Biblioteca FUSBC 01/06/2020 Donación Atiencia LITERATURA   G 972.84052 M871o 13393 10/03/2022 Ej.1 01/06/2020 Libros General

Biblioteca FUSBC | Teléfono: (57+4) 349 88 10 Ext. 141| WhatsApp (+57) 3005338115 
E-mail: biblioteca@unisbc.edu.co | Calle 76 87-14 Robledo Palenque, Medellín, Colombia

Con tecnología Koha